000 01169nam a22003617a 4500
003 CHAP
005 20220817044402.0
008 101022s1992 mx a r 00010 spa d
010 _a99528
011 _a100500
035 _a111186
040 _cCHAP
090 _aFolleto 17801
110 1 _aSolar Box Cookers International
_9108368
245 1 0 _aCocinando con el sol para cuidar la tierra:
_c/editado por Margot Aguilar R.
260 _aMéxico, D. F. :
_bGEA,
_c1992
300 _a55 p. :
_bilus.
590 _aBATCH-UPD
_b10
_c20130110
_lUCH01
_h1200
590 _aBATCH-UPD
_b10
_c20130410
_lUCH01
_h0742
590 _aBATCH-UPD
_b10
_c20130914
_lUCH01
_h0339
590 _aCONVERSION
_b10
_c20130109
_lUCH01
_h1355
650 1 4 _aCalor
_xTransmisión.
_917579
650 1 4 _aCambio climático.
_917781
650 1 4 _aEnergía solar.
_936911
650 1 4 _aEstufas.
_938574
650 1 4 _aMedio ambiente
_xConservación.
_974068
650 1 4 _aRecursos naturales
_xConservación.
650 1 4 _aTecnología.
_9111937
700 1 _aAguilar R., Margot
_e, ed.
_92814
901 _aBK
942 _cFOLL
949 _aFolleto 17801
_bBC
_cFOLL
_d33724002125884
_eTS1
_i111186
_sb
999 _c99528
_d99528